000 00872nas a2200289 4500
001 BR2013004280
003 BR-BrBNA
005 20231205122418.0
007 ta
008 230509b bl.|||p| |||| 00| 00por d
040 _aBR-BrBNA
_bpor
_cBiblioteca Nacional de Agricultura
041 _a(Pt)
072 _aQ80
100 1 _aSantana, M.C.C.B. de
100 1 _aMachado, B.A.S.
100 1 _aSilva, T. do N. da
100 1 _aNunes, I.L.
100 1 _aDruzian, J.I.
245 1 _aIncorporação de urucum como aditivo antioxidante em embalagens biodegradáveis a base de quitosana
650 _aURUCUM
650 _aEMBALAGEM
650 _aANTIOXIDANTE
650 _aBIODEGRADAÇÃO
773 0 _tCiência Rural (Brazil)
_xISSN 0103-8478
_g(Mar 2013), v. 43(3) p. 544-550
_wBR2013004280
909 _a202311
_bLúcia
_c55
_dLúcia Elande
942 _2AGRIS
_n0
_cANA
999 _c228516
_d228516